El derecho de la Unin̤ Europea y la vivienda Anl̀isis de experiencias nacionales e internacionales /

Detalles Bibliográficos
Autor principal: Ponce Sol,̌ Juli
Formato: Libro
Lenguaje:español
Publicado: Madrid: Instituto Nacional de Administracin̤ Pb︢lica (INAP), 2019
Materias:
Acceso en línea:Acceso restringido

MARC

LEADER 00000nam a22000007a 4500
005 2019120405195.0
007 cr|||| ||||
008 191204s2019 es ||||| |||| 00| 0 spa d
020 |a 978-84-486-1979-4 
035 |a 30907 
040 |a vLex 
090 |c 10069  |d 10069 
100 1 |a Ponce Sol,̌ Juli 
245 1 2 |a El derecho de la Unin̤ Europea y la vivienda  |h [Recurso electrn̤ico] :  |b Anl̀isis de experiencias nacionales e internacionales /  |c Juli Ponce Soľ 
256 |a Servicio en ln̕ea 
260 |a Madrid:  |b Instituto Nacional de Administracin̤ Pb︢lica (INAP),  |c 2019 
300 |a 1 recurso electrn̤ico 
500 |a Esta obra explora las posibilidades de avanzar en el m̀bito de la vivienda y del desarrollo urbano sostenible en el m̀bito de la Unin̤ Europea (UE). El autor toma como punto de partida las polt̕icas pb︢licas existentes de regulacin̤ en materia de vivienda. Posteriormente analiza la necesidad de conectar el desarrollo urbano sostenible con el de la vivienda frente a los negativos fenm̤enos de gentrificacin̤ y de segregacin̤. Presenta las competencias de la Unin̤ Europea relacionadas y, finalmente, describe diferentes perspectivas desde las que considerar la cuestin̤ de la vivienda: como derecho fundamental desde la funcin̤ social que delimita el derecho de propiedad sobre la misma, desde la perspectiva de los servicios econm̤icos de interš general, desde la Directiva de servicios, y desde las competencias de la UE. El estudio se completa con una propuesta para articular una regulacin̤ futura del derecho a la vivienda a escala de la UE , incluyendo la posibilidad de una directiva en la materia. 
506 1 |a Disponible solo en los productos indicados  |d vLex Global  |d vLex Global (Academic Edition, excluding Law Schools)  |d vLex Global (U.S. Academic Edition, Law Schools)  |d vLex Global (U.S. Academic Edition, excluding Law Schools)  |d vLex Global (Academic Edition, Law Schools) 
650 0 4 |a Derecho Pb︢lico y Administrativo  |z Espaą 
740 0 |a vLex Libros (Servicio en ln̕ea) 
856 4 0 |u http://vlex.com/source/derecho-de-la-union-europea-y-la-vivienda-analisis-de-experiencias-nacionales-e-internacionales-30907  |z Acceso restringido 
942 |c BOOK 
999 0 |a Public and Administrative Law